| 000 | 00373nam a22001337a 4500 | ||
|---|---|---|---|
| 082 |
_a624.1824 _bSIN _cL-20, P-166 |
||
| 100 |
_aSingh, Gurcharan _913098 |
||
| 245 | _aDesign of steel structure / | ||
| 260 |
_aDelhi : _bStandard Publishers Distributors, _c1982. |
||
| 300 | _a856 p. : | ||
| 526 |
_a0 _b0 _c0 _d624_182400000000000_SIN |
||
| 650 |
_aMCE _9379 |
||
| 942 |
_2ddc _cBK |
||
| 999 |
_c546929 _d546929 |
||